Statistiques concernant Les pokémons de la 3eme génération par types, sans les noms !

Cliquez ici pour prendre le quiz!

Statistiques générales

  • Ce quiz a été pris 123 fois
  • Le résultat moyen est 111 sur 135

Statistiques - réponses

Numéro PokédexType(s)Pokémon% Correct
258 | 320 | 321 | +8 othersEau
99%
255 | 324Feu
99%
252 | 253 | 254 | +3 othersPlante
98%
256 | 257Feu-Combat
94%
259 | 260 | 339 | 340Eau-Sol
93%
325 | 326 | 358 | +2 othersPsy
93%
299 | 377Roche
93%
261 | 262 | 359Ténèbres
93%
263 | 264 | 287 | +11 othersNormal
92%
328 | 383Sol
92%
379Acier
90%
371 | 372Dragon
90%
265 | 266 | 268 | +2 othersInsecte
90%
353 | 354 | 355 | 356Spectre
90%
361 | 362 | 378Glace
89%
296 | 297Combat
87%
267 | 284 | 291Insecte-Vol
87%
276 | 277 | 333Normal-Vol
87%
316 | 317 | 336Poison
87%
269Insecte-Poison
84%
270 | 271 | 272Eau-Plante
82%
274 | 275 | 332Plante-Ténèbres
82%
334 | 373 | 384Dragon-Vol
81%
309 | 310 | 311 | 312Electrik
78%
286Plante-Combat
78%
278 | 279Eau-Vol
76%
374 | 375 | 376Acier-Psy
73%
318 | 319 | 342Eau-Ténèbres
73%
322 | 323Feu-Sol
73%
290Insecte-Sol
73%
385Psy-Acier
73%
283Insecte-Eau
72%
329 | 330Sol-Dragon
72%
380 | 381Dragon-Psy
71%
292Insecte-Spectre
71%
304 | 305 | 306Acier-Roche
67%
363 | 364 | 365Glace-Eau
66%
307 | 308Combat-Psy
63%
357Plante-Vol
63%
302Ténèbres-Spectre
61%
315Plante-Poison
60%
369Eau-Roche
58%
280 | 281 | 282Psy-Fée
58%
343 | 344Psy-Sol
54%
345 | 346Roche-Plante
54%
337 | 338Roche-Psy
54%
347 | 348Roche-Insecte
53%
303Acier-Fée
47%
298Normal-Fée
47%

Distribution des résultats

Percentile par nombre de réponses

% des personnes avec chaque résultat

Votre développement - résultats

Vous n’avez pas pris ce quiz